<?xml version="1.0" encoding="UTF-8"?>
<record
    xmlns:xsi="http://www.w3.org/2001/XMLSchema-instance"
    xsi:schemaLocation="http://www.loc.gov/MARC21/slim http://www.loc.gov/standards/marcxml/schema/MARC21slim.xsd"
    xmlns="http://www.loc.gov/MARC21/slim">

  <leader>00942nam a22002537a 4500</leader>
  <controlfield tag="008">240619b        mp ||||| |||| 00| 0 mon d</controlfield>
  <datafield tag="020" ind1=" " ind2=" ">
    <subfield code="a">978-99973-1-457-4</subfield>
  </datafield>
  <datafield tag="035" ind1=" " ind2=" ">
    <subfield code="a">21335</subfield>
  </datafield>
  <datafield tag="040" ind1=" " ind2=" ">
    <subfield code="a">UV1862160</subfield>
    <subfield code="b">mon</subfield>
    <subfield code="c">MN-UlNLM</subfield>
    <subfield code="d">MN-UlNLM</subfield>
    <subfield code="e">rda</subfield>
  </datafield>
  <datafield tag="041" ind1=" " ind2=" ">
    <subfield code="a">mon</subfield>
  </datafield>
  <datafield tag="042" ind1=" " ind2=" ">
    <subfield code="a">52648</subfield>
  </datafield>
  <datafield tag="082" ind1=" " ind2=" ">
    <subfield code="2">10-t</subfield>
    <subfield code="a">808.899</subfield>
    <subfield code="b">&#x420;.10</subfield>
  </datafield>
  <datafield tag="100" ind1=" " ind2=" ">
    <subfield code="a">&#x420;&#x43E;&#x443;&#x43B;&#x438;&#x43D;&#x433; &#x416;.&#x41A;.</subfield>
  </datafield>
  <datafield tag="245" ind1=" " ind2="0">
    <subfield code="a">&#x425;&#x430;&#x440;&#x440;&#x438; &#x41F;&#x43E;&#x442;&#x442;&#x435;&#x440; &#x431;&#x430; &#x444;&#x438;&#x43B;&#x43E;&#x441;&#x43E;&#x444;&#x438;&#x439;&#x43D; &#x447;&#x443;&#x43B;&#x443;&#x443;</subfield>
  </datafield>
  <datafield tag="264" ind1=" " ind2=" ">
    <subfield code="a">&#x423;&#x411;</subfield>
    <subfield code="b">&#x41C;&#x43E;&#x43D;&#x441;&#x443;&#x434;&#x430;&#x440;</subfield>
    <subfield code="c">2014</subfield>
  </datafield>
  <datafield tag="300" ind1=" " ind2=" ">
    <subfield code="a">341&#x445;.</subfield>
  </datafield>
  <datafield tag="336" ind1=" " ind2=" ">
    <subfield code="2">rdacontent</subfield>
    <subfield code="a">text</subfield>
    <subfield code="b">txt</subfield>
  </datafield>
  <datafield tag="337" ind1=" " ind2=" ">
    <subfield code="2">rdamedia</subfield>
    <subfield code="a">unmediated</subfield>
    <subfield code="b">n</subfield>
  </datafield>
  <datafield tag="338" ind1=" " ind2=" ">
    <subfield code="2">rdacarrier</subfield>
    <subfield code="a">volume</subfield>
    <subfield code="b">nc</subfield>
  </datafield>
  <datafield tag="490" ind1=" " ind2=" ">
    <subfield code="v">1</subfield>
  </datafield>
  <datafield tag="650" ind1=" " ind2=" ">
    <subfield code="a">&#xAB;&#x425;&#x43E;&#x433;&#x432;&#x430;&#x440;&#x442;&#x441;&#x201D; &#x438;&#x434; &#x448;&#x438;&#x434;&#x438;&#x439;&#x43D; &#x443;&#x445;&#x430;&#x430;&#x43D;&#x44B; &#x441;&#x443;&#x440;&#x433;&#x443;&#x443;&#x43B;&#x438;&#x439;&#x43D; &#x442;&#x443;&#x445;&#x430;&#x439; &#x445;&#x44D;&#x437;&#x44D;&#x44D; &#x447; &#x441;&#x43E;&#x43D;&#x441;&#x43E;&#x436; &#x431;&#x430;&#x439;&#x433;&#x430;&#x430;&#x433;&#x4AF;&#x439; &#x425;&#x410;&#x420;&#x420;&#x418; &#x41F;&#x41E;&#x422;&#x422;&#x415;&#x420; &#x423;&#x43B;&#x430;&#x430;&#x43D; &#x442;&#x4E9;&#x433;&#x4E9;&#x43B;&#x438;&#x439;&#x43D; &#x433;&#x443;&#x434;&#x430;&#x43C;&#x436;&#x43D;&#x44B; &#x434;&#x4E9;&#x440;&#x432;&#x4E9;&#x43D; &#x442;&#x43E;&#x43E;&#x442;&#x43E;&#x434; &#x430;&#x43C;&#x44C;&#x434;&#x430;&#x440;&#x434;...</subfield>
  </datafield>
  <datafield tag="942" ind1=" " ind2=" ">
    <subfield code="2">10-t</subfield>
    <subfield code="c">BK</subfield>
  </datafield>
  <datafield tag="952" ind1=" " ind2=" ">
    <subfield code="0">0</subfield>
    <subfield code="1">0</subfield>
    <subfield code="4">0</subfield>
    <subfield code="6">808899_&#x420;10</subfield>
    <subfield code="7">0</subfield>
    <subfield code="8">UV1867</subfield>
    <subfield code="a">UV1862160</subfield>
    <subfield code="b">UV1862160</subfield>
    <subfield code="c">UV1867</subfield>
    <subfield code="d">2024-06-20</subfield>
    <subfield code="g">24900.00</subfield>
    <subfield code="l">0</subfield>
    <subfield code="o">808.899  &#x420;.10</subfield>
    <subfield code="p">UV18621335-2-1</subfield>
    <subfield code="r">2024-06-20</subfield>
    <subfield code="t">50181</subfield>
    <subfield code="y">BK</subfield>
  </datafield>
  <datafield tag="952" ind1=" " ind2=" ">
    <subfield code="0">0</subfield>
    <subfield code="1">0</subfield>
    <subfield code="4">0</subfield>
    <subfield code="6">808899_&#x420;10</subfield>
    <subfield code="7">0</subfield>
    <subfield code="8">UV1866</subfield>
    <subfield code="a">UV1862160</subfield>
    <subfield code="b">UV1862160</subfield>
    <subfield code="c">UV1866</subfield>
    <subfield code="d">2024-06-20</subfield>
    <subfield code="g">24900.00</subfield>
    <subfield code="l">0</subfield>
    <subfield code="o">808.899  &#x420;.10</subfield>
    <subfield code="p">UV18621335-3-1</subfield>
    <subfield code="r">2024-06-20</subfield>
    <subfield code="t">50182</subfield>
    <subfield code="y">BK</subfield>
  </datafield>
  <datafield tag="952" ind1=" " ind2=" ">
    <subfield code="0">0</subfield>
    <subfield code="1">0</subfield>
    <subfield code="4">0</subfield>
    <subfield code="6">808899_&#x420;10</subfield>
    <subfield code="7">0</subfield>
    <subfield code="8">UV1863</subfield>
    <subfield code="a">UV1862160</subfield>
    <subfield code="b">UV1862160</subfield>
    <subfield code="c">UV1863</subfield>
    <subfield code="d">2024-06-20</subfield>
    <subfield code="g">24900.00</subfield>
    <subfield code="l">0</subfield>
    <subfield code="o">808.899  &#x420;.10</subfield>
    <subfield code="p">UV18621335-4-1</subfield>
    <subfield code="r">2024-06-20</subfield>
    <subfield code="t">51366</subfield>
    <subfield code="y">BK</subfield>
  </datafield>
  <datafield tag="952" ind1=" " ind2=" ">
    <subfield code="0">0</subfield>
    <subfield code="1">0</subfield>
    <subfield code="4">0</subfield>
    <subfield code="6">808899_&#x420;10</subfield>
    <subfield code="7">0</subfield>
    <subfield code="8">UV1862</subfield>
    <subfield code="a">UV1862160</subfield>
    <subfield code="b">UV1862160</subfield>
    <subfield code="c">UV1862</subfield>
    <subfield code="d">2024-06-20</subfield>
    <subfield code="g">24900.00</subfield>
    <subfield code="l">0</subfield>
    <subfield code="o">808.899  &#x420;.10</subfield>
    <subfield code="p">UV18621335-5-1</subfield>
    <subfield code="r">2024-06-20</subfield>
    <subfield code="t">47073</subfield>
    <subfield code="y">BK</subfield>
  </datafield>
  <datafield tag="999" ind1=" " ind2=" ">
    <subfield code="c">923109</subfield>
    <subfield code="d">923166</subfield>
  </datafield>
</record>
